| 000 | 01168nam a2200253Ia 4500 | ||
|---|---|---|---|
| 003 | OSt | ||
| 005 | 20211104164346.0 | ||
| 008 | 210310s1964 mx fr 000 0 spa d | ||
| 040 |
_aCO-JMCR _cCO-JMCR |
||
| 041 | 1 |
_aspa _heng |
|
| 082 | 0 | 4 |
_a338.9 / _bW176p _223 |
| 100 | 1 |
_aWalinsky, Louis J., _918074 _eautor |
|
| 245 | 1 | 0 |
_aPlaneación del desarrollo económico / _cLouis J. Walinsky, Clair Wilcox, John P. Lewis [y 5 más] ; traducción de Fernando Rosenzweig |
| 250 | _aPrimera edición | ||
| 260 |
_aMéxico : _bFondo de Cultura Económica, _c1964 |
||
| 300 |
_a461 páginas ; _c21 cm. |
||
| 490 | 0 | _aSección de Obras de Economía | |
| 505 | 0 | _aExamen introductorio -- Una década de experiencia con instrumentos de planeación formal: Tres casos en el Asía Meridional -- Procedimiento de planeación variables en tres países con una década de crecimiento rápido -- Otros tres casos de interés especial -- Una breve discusión | |
| 650 | 1 | 4 |
_aDesarrollo económico _918076 _xPlaneación |
| 700 | 1 |
_aWilcox, Clair, _eautor _922786 |
|
| 700 | 1 |
_aLewis, John P., _eautor _941422 |
|
| 700 | 1 |
_aRosenzweig, Fernando, _etraductor _941423 |
|
| 942 |
_2ddc _cBK |
||
| 999 |
_c8715 _d8715 |
||